Stolice Mistrzostw Świata 2014 - Statystyki

Ogólne statystyki
  • Ten quiz został rozwiązany 178 razy
  • Średni wynik to 17 z 32
Statystyki odpowiedzi
Hint Odpowiedź % Poprawnych
Niemcy Berlin
93%
Hiszpania Madryt
86%
Francja Paryż
81%
Włochy Rzym
79%
Holandia Amsterdam
78%
Brazylia Brasilia
78%
Portugalia Lizbona
78%
Anglia Londyn
76%
Rosja Moskwa
74%
Argentyna Buenos Aires
70%
Stany Zjednoczone Waszyngton
67%
Meksyk Meksyk
66%
Chorwacja Zagrzeb
66%
Belgia Bruksela
64%
Japonia Tokio
64%
Grecja Ateny
59%
Korea Południowa Seul
54%
Urugwaj Montevideo
51%
Chile Santiago
51%
Szwajcaria Berno
49%
Australia Canberra
49%
Kolumbia Bogota
45%
Algieria Algier
39%
Bośnia i Hercegowina Sarajewo
39%
Iran Teheran
32%
Ekwador Quito
28%
Kostaryka San Jose
23%
Ghana Akra
20%
Nigeria Abudża
19%
Kamerun Jaunde
19%
Honduras Tegucigalpa
18%
Wybrzeże Kości Słoniowej Jamusukro
12%
Nie znaleziono quizów pasujących do podanych kryteriów
Rozkład punktacji
Procent ludzi z każdym wynikiem
Percentyl według liczby udzielonych odpowiedzi
Twoja historia wyników
Nie rozwiązałeś tego quizu